000 00561nam a2200193Ia 4500
001 14903
003 IVS
005 20250626030559.0
008 211022s9999 xx 000 0 und d
040 _cIVS
082 _a729/ ZAI
100 _aZainab Pishori
245 0 _aDoes sound have the power to impact our experience within a space?
260 _aKarachi
260 _bIndus Valley School of art & Architecture
260 _c2020
856 _uhttps://drive.google.com/file/d/10zQDRIcx7Icp9RfaJ-xUF6QffBRO1VWa/view?usp=sharing
942 _cDISS
_n0
_2ddc
999 _c11288
_d11288